| 000 | 00000cam 2200000zi 4500 |
| 001 | 9.947587 |
| 003 | CaOODSP |
| 005 | 20260512135412 |
| 006 | m o d f |
| 007 | cr ||||||||||| |
| 008 | 250130t20262026onca o f000 0 eng d |
| 020 | |a9780660755137 |
| 040 | |aCaOODSP|beng|erda|cCaOODSP |
| 043 | |an-cn--- |
| 086 | 1 |aA104-632/3-2025E-PDF |
| 245 | 00|aStop invasive species in their tracks! |
| 264 | 1|a[Ottawa] : |bCanadian Food Inspection Agency = Agence canadienne d'inspection des aliments, |c[2026] |
| 264 | 4|c©2026 |
| 300 | |a1 online resource (1 page) : |bcolour illustrations |
| 336 | |atext|btxt|2rdacontent |
| 337 | |acomputer|bc|2rdamedia |
| 338 | |aonline resource|bcr|2rdacarrier |
| 500 | |aIssued also in French under title: Empêchez les espèces envahissantes de se propager! |
| 520 | |a"They can travel when you do. Check these hotspots before lift off." |
| 650 | 0|aIntroduced organisms|xControl|zCanada. |
| 650 | 0|aLycorma delicatula|xControl|zCanada. |
| 710 | 2 |aCanadian Food Inspection Agency, |eissuing body. |
| 775 | 08|tEmpêchez les espèces envahissantes de se propager!|w(CaOODSP)9.947588 |
| 856 | 40|qPDF|s689 KB|uhttps://publications.gc.ca/collections/collection_2026/acia-cfia/A104-632-3-2025-eng.pdf |